000 00799nam a2200217Ia 4500
999 _c39548
_d39548
001 6146
003 GE_BSU
005 20191122111015.0
008 181216s1975||||ge |||||||||||||| ||geo||
040 _cGE_BSU
041 _ageo
080 _a821.353.1-1 გ-14
100 _aგაგუა, ხუტა
_95513
245 _aთანხმობა :
_bლექსები /
_cხუტა გაგუა ; რედ. ი. ორჯონიკიძე.
264 _aთბილისი :
_bმერანი,
_c1975.
300 _a87 გვ. :
_bფოტო გარეკანზე ;
_c17 სმ.
653 _aთანხმობა
653 _aლექსები
700 _aორჯონიკიძე, ი.
_eრედაქტორი
_94051
942 _cBK
_2udc